00999nam a2200241 u 4500001001000000003000900010005001700019008004100036020001500077040002500092082002100117245010800138260002600246300002800272500013200300650003600432651005400468651004900522700004100571942001400612952011400626999001700740000022893DO-SdBNP20231116092056.0101122s1997 dr r 000 0 spa d a9978402438 aDO-SdBNPbspacBNPHU 4a339.46bE82p22200aEstrategias para reducir la pobreza en américa latina y el caribe /ceditor, José Vicente Zevallos. aQuito :bPNUD,c1997. a468 p. :bil. ;c23 cm. aUn estudio del proyecto "Mitigación de la pobreza y desarrollo social" del programa de las Naciones Unidas para el Desarrollo 4aPobrezazAmérica Latina94088 4aAmérica LatinaxCondiciones económicas95778 4aAmérica LatinaxCondiciones sociales950341 aVicente Zevallos, Joséeed.947058 2ddccLBS1 0010718PDaGRbGRcCTd2010-11-22iLF1l0o339.46 E82p22893-10r2020-06-25w2020-06-25yLFPDZNo se presta c22390d22390